[Event "Gibtelecom AmatWk2 6th"]
[Site "Gibraltar"]
[Date "2008.01.29"]
[Round "3.46"]
[White "Wright, Jonathan"]
[Black "Garcia Lechugo, Francisco"]
[Result "1-0"]
[WhiteElo "1776"]
[BlackElo "1515"]
[PlyCount "63"]
[EventDate "2008.01.27"]
[EventType "swiss"]
[EventRounds "5"]
[EventCountry "GGB"]
[SourceTitle "BritBase"]
[Source "www.saund.co.uk"]
[SourceDate "2018.02.10"]
[SourceVersion "1"]
[SourceVersionDate "2018.02.10"]
[SourceQuality "1"]

1. e4 d5 2. exd5 Nf6 3. d4 Nxd5 4. Nf3 Bg4 5. Be2 e6 6. O-O Be7 7. c4 Nf6 8.
Nc3 O-O 9. Be3 c6 10. Qb3 Qc7 11. Rfd1 Nbd7 12. Rac1 Nb6 13. Ne5 Bxe2 14. Nxe2
Rad8 15. Nc3 c5 16. Nb5 Qb8 17. Nf3 cxd4 18. Bxd4 Nbd7 19. Bxa7 Qf4 20. Be3 Qf5
21. Nbd4 Qh5 22. Ne2 Ne5 23. Nxe5 Qxe5 24. Re1 Ng4 25. Bf4 Qh5 26. h3 Nxf2 27.
Kxf2 Bc5+ 28. Kf1 Qf5 29. Qf3 Rd3 30. Qg4 Qf6 31. Qg5 Qxb2 32. Qxc5 1-0

[Event "Gibtelecom AmatWk2 6th"]
[Site "Gibraltar"]
[Date "2008.01.29"]
[Round "3.47"]
[White "Hansen, Linda Marie"]
[Black "Hughes, Lloyd"]
[Result "0-1"]
[WhiteElo "1531"]
[BlackElo "1745"]
[PlyCount "86"]
[EventDate "2008.01.27"]
[EventType "swiss"]
[EventRounds "5"]
[EventCountry "GGB"]
[SourceTitle "BritBase"]
[Source "www.saund.co.uk"]
[SourceDate "2018.02.10"]
[SourceVersion "1"]
[SourceVersionDate "2018.02.10"]
[SourceQuality "1"]

1. e4 c6 2. d4 d5 3. exd5 cxd5 4. Nf3 Nf6 5. Bd3 Bg4 6. Bg5 Nbd7 7. Nbd2 e6 8.
c3 Bd6 9. O-O Qc7 10. Qc2 O-O 11. h3 Bh5 12. Rae1 Bg6 13. Bxg6 hxg6 14. Nh4 Bf4
15. Bxf6 Nxf6 16. Nhf3 Nd7 17. Re2 Rac8 18. Rfe1 Bd6 19. Ne5 Nxe5 20. dxe5 Be7
21. Re3 d4 22. Rd3 Rfd8 23. Nf3 dxc3 24. Rxc3 Qd7 25. Rc1 Rxc3 26. Qxc3 b6 27.
Qc7 Bc5 28. Qxd7 Rxd7 29. Kf1 Kf8 30. Ke2 Ke7 31. a3 a5 32. Nd2 Bxf2 33. Rc6
Bc5 34. Ne4 Bd4 35. b3 f6 36. exf6+ gxf6 37. b4 axb4 38. axb4 f5 39. Nd2 Rd6
40. Rc7+ Kf6 41. Nc4 Rd5 42. Nd2 Be5 43. Rc1 Rxd2+ 0-1

[Event "Gibtelecom AmatWk2 6th"]
[Site "Gibraltar"]
[Date "2008.01.29"]
[Round "3.48"]
[White "Loberg, Jo Kristian"]
[Black "Hughes, Peter"]
[Result "1-0"]
[WhiteElo "1450"]
[BlackElo "1664"]
[PlyCount "29"]
[EventDate "2008.01.27"]
[EventType "swiss"]
[EventRounds "5"]
[EventCountry "GGB"]
[SourceTitle "BritBase"]
[Source "www.saund.co.uk"]
[SourceDate "2018.02.10"]
[SourceVersion "1"]
[SourceVersionDate "2018.02.10"]
[SourceQuality "1"]

1. e4 c5 2. Nf3 g6 3. d4 cxd4 4. Nxd4 Nc6 5. Nc3 Bg7 6. Be3 Nf6 7. Bc4 O-O 8.
Bb3 a5 9. a4 d5 10. exd5 Nb4 11. Ndb5 Bf5 12. O-O Rc8 13. d6 Rc6 14. dxe7 Qxe7
15. Nd4 1-0

[Event "Gibtelecom AmatWk2 6th"]
[Site "Gibraltar"]
[Date "2008.01.29"]
[Round "3.49"]
[White "Tari, Aryan"]
[Black "Goodfellow, Russell"]
[Result "0-1"]
[WhiteElo "1377"]
[BlackElo "1648"]
[PlyCount "130"]
[EventDate "2008.01.27"]
[EventType "swiss"]
[EventRounds "5"]
[EventCountry "GGB"]
[SourceTitle "BritBase"]
[Source "www.saund.co.uk"]
[SourceDate "2018.02.10"]
[SourceVersion "1"]
[SourceVersionDate "2018.02.10"]
[SourceQuality "1"]

1. e4 c5 2. Nf3 e6 3. d4 cxd4 4. Nxd4 Nf6 5. Nc3 d6 6. Bd3 a6 7. O-O Qc7 8. f4
Nbd7 9. Qf3 b5 10. a3 Be7 11. Bd2 Bb7 12. Rae1 h6 13. b4 g5 14. fxg5 hxg5 15.
Qg3 Rg8 16. Nd1 Ne5 17. Qf2 Nfg4 18. Qg3 Qb6 19. Bc3 Bf6 20. Nf2 Nxd3 21. cxd3
Nxh2 22. Nxb5 Bxc3 23. Nxd6+ Ke7 24. Nc4 Nxf1 25. Rxf1 Qc6 26. Ng4 Bd4+ 27. Kh1
Raf8 28. Na5 Qb6 29. Rc1 Rc8 30. Rf1 Ba8 31. Qf3 Rh8+ 32. Nh2 Rh7 33. Qg4 Qd6
34. Qxg5+ f6 35. Qf4 Qxf4 36. Rxf4 Be5 37. Rf1 Bxh2 38. Rd1 Be5+ 39. Kg1 Bd4+
40. Kf1 Rh1+ 41. Ke2 Rxd1 42. Kxd1 Bb6 43. Nc4 Bd4 44. Kd2 Bxe4 45. dxe4 Rxc4
46. Kd3 Rc3+ 47. Kxd4 Rxa3 48. Kc5 Ra4 49. Kc4 a5 50. Kb5 Rxb4+ 51. Kxa5 Rxe4
52. Kb5 Rg4 53. Kc5 Rxg2 54. Kd4 Kd6 55. Ke3 Rg4 56. Kf3 f5 57. Kf2 e5 58. Ke3
Rg3+ 59. Kf2 f4 60. Kf1 e4 61. Kf2 Ra3 62. Ke2 Ra2+ 63. Kd1 f3 64. Ke1 e3 65.
Kd1 f2 0-1

[Event "Gibtelecom AmatWk2 6th"]
[Site "Gibraltar"]
[Date "2008.01.29"]
[Round "3.50"]
[White "Tomassetti, Giuseppe"]
[Black "Salomon, Johan"]
[Result "1/2-1/2"]
[WhiteElo "1636"]
[BlackElo "1000"]
[PlyCount "131"]
[EventDate "2008.01.27"]
[EventType "swiss"]
[EventRounds "5"]
[EventCountry "GGB"]
[SourceTitle "BritBase"]
[Source "www.saund.co.uk"]
[SourceDate "2018.02.10"]
[SourceVersion "1"]
[SourceVersionDate "2018.02.10"]
[SourceQuality "1"]

1. e4 c5 2. d3 Nc6 3. f4 e6 4. Nf3 g6 5. Be3 Bg7 6. c3 b6 7. Be2 Nge7 8. Nbd2
O-O 9. O-O Bb7 10. d4 cxd4 11. cxd4 d5 12. e5 Nf5 13. Bf2 a6 14. Rc1 Rc8 15. a3
Qd7 16. b4 Rc7 17. Qa4 Nb8 18. Qxd7 Rxd7 19. Nb3 Nc6 20. g4 Nfe7 21. h4 Rc8 22.
Bd3 Rdc7 23. Be3 Na7 24. Rxc7 Rxc7 25. Bd2 Kf8 26. Kg2 Ng8 27. Ng5 h6 28. Nh7+
Ke8 29. g5 h5 30. Nf6+ Bxf6 31. exf6 Nc8 32. Re1 Nd6 33. Rc1 Kd7 34. Rxc7+ Kxc7
35. Kf3 Nc4 36. Bc1 Bc6 37. Bxg6 Nd6 38. Bxh5 Ba4 39. Nd2 Bd1+ 40. Kg3 Bxh5 41.
Kh3 Nf5 42. Bb2 Kc6 43. Nf1 Kb5 44. Ng3 Nxg3 45. Kxg3 Kc4 46. f5 exf5 47. Kf4
Kb5 48. Kxf5 Kc6 49. Ke5 Bg6 50. a4 b5 51. a5 Bh5 52. Bc1 Bg6 53. Kf4 Kd6 54.
Kg4 Ke6 55. h5 Bf5+ 56. Kf4 Be4 57. Be3 Bd3 58. Bf2 Nxf6 59. gxf6 Kxf6 60. Bh4+
Ke6 61. Bd8 f6 62. Bc7 Kd7 63. Bb6 Ke7 64. Bc5+ Kf7 65. Kf3 Kg7 66. Bd6 1/2-1/2

[Event "Gibtelecom AmatWk2 6th"]
[Site "Gibraltar"]
[Date "2008.01.29"]
[Round "3.51"]
[White "Coats, Jon R"]
[Black "Poggio, Freddie"]
[Result "1-0"]
[WhiteElo "1376"]
[BlackElo "1616"]
[PlyCount "86"]
[EventDate "2008.01.27"]
[EventType "swiss"]
[EventRounds "5"]
[EventCountry "GGB"]
[SourceTitle "BritBase"]
[Source "www.saund.co.uk"]
[SourceDate "2018.02.10"]
[SourceVersion "1"]
[SourceVersionDate "2018.02.10"]
[SourceQuality "1"]

1. Nf3 Nc6 2. d4 d5 3. c4 e6 4. Nc3 Nf6 5. cxd5 exd5 6. Bg5 Be7 7. e3 a6 8. Be2
Ne4 9. Bxe7 Nxe7 10. Nxe4 dxe4 11. Nd2 f5 12. O-O Be6 13. f3 Bd5 14. fxe4 fxe4
15. Qc2 Qc8 16. Bc4 Qe6 17. Bxd5 Nxd5 18. Rae1 O-O-O 19. Qc4 Rd6 20. Qe2 Nb4
21. Qc4 Nd3 22. Qxe6+ Rxe6 23. Rb1 Nb4 24. a3 Nd5 25. Rbe1 Rhe8 26. Nc4 b5 27.
Ne5 Rf6 28. Rxf6 gxf6 29. Nf7 Kd7 30. Kf2 Re6 31. Rc1 Rc6 32. Rxc6 Kxc6 33.
Nd8+ Kb6 34. Ne6 b4 35. Nc5 bxa3 36. bxa3 Kb5 37. Nxe4 a5 38. Nc5 Nc3 39. g4
Na4 40. Nd7 Nc3 41. Nxf6 h6 42. e4 Ka4 43. e5 Nb5 {time} 1-0

[Event "Gibtelecom AmatWk2 6th"]
[Site "Gibraltar"]
[Date "2008.01.29"]
[Round "3.52"]
[White "Stoop, Michael"]
[Black "Randall, David C"]
[Result "0-1"]
[WhiteElo "1056"]
[BlackElo "1568"]
[PlyCount "78"]
[EventDate "2008.01.27"]
[EventType "swiss"]
[EventRounds "5"]
[EventCountry "GGB"]
[SourceTitle "BritBase"]
[Source "www.saund.co.uk"]
[SourceDate "2018.02.10"]
[SourceVersion "1"]
[SourceVersionDate "2018.02.10"]
[SourceQuality "1"]

1. d4 Nf6 2. Nf3 d5 3. e3 Bg4 4. c4 e6 5. Qb3 b6 6. cxd5 Bxf3 7. gxf3 exd5 8.
Nc3 c6 9. Bd2 Be7 10. Bd3 O-O 11. Ne2 c5 12. Qc2 g6 13. b3 Nbd7 14. Ba6 Bd6 15.
Bc3 Nh5 16. Bb7 Rb8 17. Bxd5 Ndf6 18. Bc4 Qe8 19. O-O Rc8 20. Qb2 Qe7 21. e4
Nxe4 22. fxe4 Qxe4 23. f3 Qe3+ 24. Kh1 Qh6 25. Rf2 Rce8 26. Re1 Ng3+ 27. Nxg3
Rxe1+ 28. Bxe1 Bxg3 29. Re2 Bxe1 30. Rxe1 Qf4 31. Bd5 cxd4 32. Be4 f5 33. Bd5+
Kg7 34. Rd1 Re8 35. Qxd4+ Qxd4 36. Rxd4 Re1+ 37. Kg2 Re2+ 38. Kg3 Re7 39. Kf4
Kf6 {rest of moves unrecorded} 0-1

[Event "Gibtelecom AmatWk2 6th"]
[Site "Gibraltar"]
[Date "2008.01.29"]
[Round "3.53"]
[White "Beadle, John R"]
[Black "Lode, Marius Skefstad"]
[Result "0-1"]
[WhiteElo "1400"]
[BlackElo "1822"]
[PlyCount "52"]
[EventDate "2008.01.27"]
[EventType "swiss"]
[EventRounds "5"]
[EventCountry "GGB"]
[SourceTitle "BritBase"]
[Source "www.saund.co.uk"]
[SourceDate "2018.02.10"]
[SourceVersion "1"]
[SourceVersionDate "2018.02.10"]
[SourceQuality "1"]

1. e4 e6 2. d4 d5 3. exd5 exd5 4. Bd3 Bd6 5. Qe2+ Ne7 6. Be3 O-O 7. Nf3 c6 8.
O-O Bf5 9. Nbd2 Nd7 10. c4 Bxd3 11. Qxd3 dxc4 12. Nxc4 Bc7 13. Rfe1 h6 14. Rad1
Nb6 15. Nce5 Nbd5 16. Kh1 Qd6 17. Qd2 Ng6 18. Nxg6 fxg6 19. Ne5 Kh7 20. f4 Rad8
21. Rf1 Rf6 22. Rf3 Nxe3 23. Qxe3 Qd5 24. b3 c5 25. Ng4 Rf5 26. Nxh6 gxh6 0-1

[Event "Gibtelecom AmatWk2 6th"]
[Site "Gibraltar"]
[Date "2008.01.29"]
[Round "3.54"]
[White "Dimitrov, Daniel"]
[Black "Andersen, Glenn"]
[Result "1-0"]
[WhiteElo "1600"]
[BlackElo "1200"]
[PlyCount "69"]
[EventDate "2008.01.27"]
[EventType "swiss"]
[EventRounds "5"]
[EventCountry "GGB"]
[SourceTitle "BritBase"]
[Source "www.saund.co.uk"]
[SourceDate "2018.02.10"]
[SourceVersion "1"]
[SourceVersionDate "2018.02.10"]
[SourceQuality "1"]

1. f4 d6 2. Nf3 c5 3. e3 g6 4. d4 cxd4 5. exd4 Bg7 6. Bc4 Nf6 7. O-O O-O 8. c3
Bg4 9. h3 Bc8 10. Nh4 d5 11. Bd3 e6 12. Nd2 Qc7 13. Qe1 Nc6 14. Ndf3 h6 15. Ne5
Ne7 16. g4 h5 17. Bd2 b6 18. Qe3 a5 19. Rae1 Ba6 20. Rf2 Bxd3 21. Qxd3 Ne4 22.
Rxe4 dxe4 23. Qxe4 f5 24. gxf5 exf5 25. Qg2 Bxe5 26. fxe5 Kh7 27. Qg5 Rh8 28.
Bf4 Qd7 29. Re2 Rae8 30. e6 Qb5 31. Kf2 Qd5 32. Be5 f4 33. Qf6 Kh6 34. Bxf4+
Kh7 35. Qf7# 1-0

[Event "Gibtelecom AmatWk2 6th"]
[Site "Gibraltar"]
[Date "2008.01.29"]
[Round "3.55"]
[White "Mossiaguine, Arina"]
[Black "Bath, Tom"]
[Result "0-1"]
[WhiteElo "1111"]
[BlackElo "1424"]
[PlyCount "44"]
[EventDate "2008.01.27"]
[EventType "swiss"]
[EventRounds "5"]
[EventCountry "GGB"]
[SourceTitle "BritBase"]
[Source "www.saund.co.uk"]
[SourceDate "2018.02.10"]
[SourceVersion "1"]
[SourceVersionDate "2018.02.10"]
[SourceQuality "1"]

1. f4 d5 2. Nf3 c5 3. e3 Nf6 4. Bb5+ Nbd7 5. d3 Qa5+ 6. Nc3 e6 7. O-O a6 8.
Bxd7+ Bxd7 9. Qe2 Qc7 10. Ne5 Bd6 11. e4 Bxe5 12. fxe5 Qxe5 13. Bf4 Qh5 14.
exd5 Qxe2 15. Nxe2 Nxd5 16. Bd6 Rc8 17. d4 Bb5 18. Rae1 cxd4 19. Nxd4 Bxf1 20.
Kxf1 Kd7 21. Bg3 Rhe8 22. Re5 f6 0-1

[Event "Gibtelecom AmatWk2 6th"]
[Site "Gibraltar"]
[Date "2008.01.29"]
[Round "3.56"]
[White "Mossiaguine, Anastasia"]
[Black "Cox, Marian"]
[Result "0-1"]
[WhiteElo "920"]
[BlackElo "1200"]
[PlyCount "90"]
[EventDate "2008.01.27"]
[EventType "swiss"]
[EventRounds "5"]
[EventCountry "GGB"]
[SourceTitle "BritBase"]
[Source "www.saund.co.uk"]
[SourceDate "2018.02.10"]
[SourceVersion "1"]
[SourceVersionDate "2018.02.10"]
[SourceQuality "1"]

1. e4 e5 2. Nf3 d6 3. Nc3 Nf6 4. Bc4 h6 5. d3 Be7 6. O-O Bg4 7. h3 Bh5 8. a3
Nc6 9. Be3 Qd7 10. Qe2 a6 11. Bb3 Nh7 12. a4 Bg5 13. a5 Bxe3 14. fxe3 O-O-O 15.
Qf2 Ne7 16. Nd2 Rdf8 17. Qg3 g5 18. h4 g4 19. Nd5 Nxd5 20. Bxd5 Bg6 21. Rfd1 h5
22. d4 f6 23. Rf1 Bf7 24. Bxf7 Rxf7 25. dxe5 fxe5 26. Rxf7 Qxf7 27. Rf1 Nf6 28.
Kh2 Rf8 29. Nb3 Qc4 30. Rc1 Nxe4 31. Qe1 Kd7 32. g3 Rf2+ 33. Kg1 Rf3 34. Nd2
Nxd2 35. Qxd2 Rxg3+ 36. Kh2 Rh3+ 37. Kg1 Rg3+ 38. Kh2 Rf3 39. b3 Qe4 40. c4
Rxe3 41. Qb2 Rh3+ 42. Kg1 Qh1+ 43. Kf2 Qh2+ 44. Kf1 Qxb2 45. Re1 Rh1# 0-1

[Event "Gibtelecom AmatWk2 6th"]
[Site "Gibraltar"]
[Date "2008.01.29"]
[Round "3.57"]
[White "Cox, Reginald"]
[Black "Feeney, James"]
[Result "1/2-1/2"]
[WhiteElo "1136"]
[BlackElo "1088"]
[PlyCount "151"]
[EventDate "2008.01.27"]
[EventType "swiss"]
[EventRounds "5"]
[EventCountry "GGB"]
[SourceTitle "BritBase"]
[Source "www.saund.co.uk"]
[SourceDate "2018.02.10"]
[SourceVersion "1"]
[SourceVersionDate "2018.02.10"]
[SourceQuality "1"]

1. e4 e5 2. Nf3 Nc6 3. Bb5 a6 4. Ba4 Nf6 5. d3 d6 6. h3 Be7 7. O-O O-O 8. Re1
b5 9. Bb3 Be6 10. c3 Bxb3 11. axb3 Qd7 12. d4 h6 13. d5 Nd8 14. Bd2 c6 15. c4
cxd5 16. cxd5 Nb7 17. b4 Nh7 18. Nc3 Ng5 19. Nxg5 Bxg5 20. Bxg5 hxg5 21. Qh5 f6
22. Ne2 Qf7 23. Qxf7+ Rxf7 24. Ng3 g6 25. Rec1 a5 26. bxa5 Rxa5 27. b4 Ra4 28.
Rxa4 bxa4 29. Rc8+ Kg7 30. Ra8 Nd8 31. Rxa4 Rc7 32. Kh2 Rc4 33. Ra7+ Nf7 34. b5
Rb4 35. Rb7 Kf8 36. f3 Ke8 37. Ne2 Nd8 38. Rb6 Kd7 39. Nc1 Kc7 40. Nd3 Rb3 41.
Nc1 Rb1 42. Ra6 Rxc1 43. Ra8 Rb1 44. Ra7+ Kb8 45. Rd7 Nb7 46. Rg7 Rxb5 47. Rxg6
Nc5 48. Rxf6 Kc7 49. Rf5 Rb8 50. Rxg5 Rf8 51. h4 Nd3 52. Rg7+ Kd8 53. Rg6 Ke7
54. Re6+ Kd7 55. Rg6 Rf7 56. h5 Nf4 57. Rg5 Rh7 58. g4 Ke7 59. Rf5 Ne2 60. Kg2
Rh6 61. Kh3 Nd4 62. Rg5 Nxf3 63. Rf5 Nd4 64. Rf2 Nb5 65. Rc2 Rf6 66. Kh4 Rf4
67. Rb2 Nc3 68. Rb7+ Kd8 69. h6 Rf1 70. Kg5 Nxe4+ 71. Kg6 Rf6+ 72. Kg7 Rf4 73.
Rb8+ Ke7 74. Rb7+ Ke8 75. Rb8+ Ke7 76. Rb7+ 1/2-1/2

[Event "Gibtelecom AmatWk2 6th"]
[Site "Gibraltar"]
[Date "2008.01.29"]
[Round "3.58"]
[White "Ruiz, Jose Mari"]
[Black "Hewitt, Sean D"]
[Result "0-1"]
[WhiteElo "1000"]
[BlackElo "1808"]
[PlyCount "36"]
[EventDate "2008.01.27"]
[EventType "swiss"]
[EventRounds "5"]
[EventCountry "GGB"]
[SourceTitle "BritBase"]
[Source "www.saund.co.uk"]
[SourceDate "2018.02.10"]
[SourceVersion "1"]
[SourceVersionDate "2018.02.10"]
[SourceQuality "1"]

1. e4 e5 2. Bc4 Nf6 3. d3 c6 4. Bg5 Be7 5. Nf3 d5 6. exd5 Nxd5 7. O-O Bxg5 8.
Nxe5 O-O 9. d4 Nd7 10. Bd3 N7f6 11. Ng4 Bxg4 12. Qe1 Re8 13. Be4 Rxe4 14. f3
Rxe1 15. Rxe1 Ne3 16. fxg4 Qxd4 17. c3 Qxg4 18. Rxe3 Bxe3+ {counted as 1-0 vs
Bye in the results table} 0-1

[Event "Gibtelecom AmatWk2 6th"]
[Site "Gibraltar"]
[Date "2008.01.30"]
[Round "4.39"]
[White "Kuenitz, Klaus"]
[Black "Aagedal, Geir Ole"]
[Result "1-0"]
[WhiteElo "1645"]
[BlackElo "1839"]
[PlyCount "97"]
[EventDate "2008.01.27"]
[EventType "swiss"]
[EventRounds "5"]
[EventCountry "GGB"]
[SourceTitle "BritBase"]
[Source "www.saund.co.uk"]
[SourceDate "2018.02.10"]
[SourceVersion "1"]
[SourceVersionDate "2018.02.10"]
[SourceQuality "1"]

1. d4 Nf6 2. c4 e6 3. Nf3 d5 4. Bg5 Be7 5. Nc3 O-O 6. e3 Nbd7 7. Bd3 h6 8. Bh4
dxc4 9. Bxc4 Nb6 10. Bb3 Nfd5 11. Bxe7 Qxe7 12. Rc1 Bd7 13. O-O Rac8 14. Ne4
Rfd8 15. Nc5 Rb8 16. Ne5 Be8 17. Qd2 f6 18. Nf3 c6 19. Rfe1 Bf7 20. Bc2 Nd7 21.
Bb1 Nxc5 22. Rxc5 Qd6 23. Qc2 g6 24. a3 Kh8 25. e4 Nf4 26. e5 Qe7 27. Re4 f5
28. Rxf4 g5 29. Rg4 Bh5 30. Rg3 g4 31. Ne1 Rxd4 32. Rd3 Re4 33. Qd2 Rxe1+ 34.
Qxe1 Qxc5 35. Qd2 Kg7 36. Rd7+ Bf7 37. Qf4 Qf8 38. Bxf5 exf5 39. e6 Rd8 40.
Qd4+ Kg6 41. Rxd8 Qe7 42. Qd6 Qxe6 43. Kf1 Kg5 44. Qxe6 Bxe6 45. Ke1 a5 46. Ra8
b6 47. Ra6 b5 48. Rxc6 a4 49. Rxe6 1-0

[Event "Gibtelecom AmatWk2 6th"]
[Site "Gibraltar"]
[Date "2008.01.30"]
[Round "4.40"]
[White "Jacobsen, Maria Pitz"]
[Black "Bishop, Geoffrey L"]
[Result "0-1"]
[WhiteElo "1799"]
[BlackElo "1664"]
[PlyCount "46"]
[EventDate "2008.01.27"]
[EventType "swiss"]
[EventRounds "5"]
[EventCountry "GGB"]
[SourceTitle "BritBase"]
[Source "www.saund.co.uk"]
[SourceDate "2018.02.10"]
[SourceVersion "1"]
[SourceVersionDate "2018.02.10"]
[SourceQuality "1"]

1. e4 c5 2. Nf3 d6 3. d4 cxd4 4. Nxd4 Nf6 5. Nc3 g6 6. Be3 Bg7 7. f3 O-O 8. Qd2
Nc6 9. g4 Qa5 10. O-O-O Nxd4 11. Bxd4 Be6 12. g5 Nd7 13. Bxg7 Kxg7 14. Nd5 Qxa2
15. Qc3+ f6 16. Nb4 Qa1+ 17. Kd2 Qa5 18. gxf6+ Rxf6 19. Be2 Ne5 20. Ra1 Qb6 21.
Nd5 Bxd5 22. exd5 Qf2 23. f4 Rxf4 0-1

[Event "Gibtelecom AmatWk2 6th"]
[Site "Gibraltar"]
[Date "2008.01.30"]
[Round "4.41"]
[White "Booth, Chris"]
[Black "Garcia, Mario"]
[Result "1-0"]
[WhiteElo "1840"]
[BlackElo "1663"]
[PlyCount "71"]
[EventDate "2008.01.27"]
[EventType "swiss"]
[EventRounds "5"]
[EventCountry "GGB"]
[SourceTitle "BritBase"]
[Source "www.saund.co.uk"]
[SourceDate "2018.02.10"]
[SourceVersion "1"]
[SourceVersionDate "2018.02.10"]
[SourceQuality "1"]

1. d4 d5 2. Bf4 Nf6 3. e3 e6 4. Nd2 b6 5. Ngf3 Bb7 6. Bd3 Nbd7 7. Ne5 Bd6 8.
O-O c5 9. Nxf7 Kxf7 10. Bxd6 Re8 11. Be5 Kg8 12. Bb5 Re7 13. Bxd7 Rxd7 14. f4
cxd4 15. exd4 Rc8 16. c3 Rf7 17. Bxf6 Rxf6 18. Qe2 Qd6 19. g3 Rcf8 20. Nf3 Qc6
21. Ne5 Qc8 22. Rfe1 Ba6 23. Qe3 Qe8 24. h4 Bc8 25. Qe2 Rf5 26. Kh2 R5f6 27.
Rac1 Qa4 28. b3 Qe8 29. Rc2 Rh6 30. Kg2 Rhf6 31. Rec1 Bb7 32. Kh3 b5 33. Ra1 a6
34. a4 Qc8 35. axb5 axb5 36. Qxb5 1-0

[Event "Gibtelecom AmatWk2 6th"]
[Site "Gibraltar"]
[Date "2008.01.30"]
[Round "4.43"]
[White "Hermes, Geoff R"]
[Black "Coats, Jon R"]
[Result "1-0"]
[WhiteElo "1696"]
[BlackElo "1376"]
[PlyCount "93"]
[EventDate "2008.01.27"]
[EventType "swiss"]
[EventRounds "5"]
[EventCountry "GGB"]
[SourceTitle "BritBase"]
[Source "www.saund.co.uk"]
[SourceDate "2018.02.10"]
[SourceVersion "1"]
[SourceVersionDate "2018.02.10"]
[SourceQuality "1"]

1. e4 d6 2. d4 g6 3. Nf3 Bg7 4. Nc3 a6 5. h3 b5 6. a3 Bb7 7. Bf4 Nd7 8. Bd3 e5
9. Bg5 Ngf6 10. dxe5 dxe5 11. Qe2 c6 12. Rd1 Qc7 13. O-O O-O 14. Qe3 Nh5 15.
Be2 Nf4 16. Be7 Rfe8 17. Bd6 Qb6 18. Qxb6 Nxb6 19. b3 Nd7 20. Bc7 Nc5 21. Rfe1
a5 22. Bf1 b4 23. Nb1 Ba6 24. Bxa6 Rxa6 25. g3 Nh5 26. a4 Nf6 27. Nbd2 Nfd7 28.
Nc4 Ra7 29. Bxa5 Na6 30. Rd6 c5 31. Red1 Nf6 32. Bb6 Rb7 33. Rd8 Rb8 34. Rxe8+
Rxe8 35. Nfd2 Re7 36. Kf1 Nd7 37. a5 Nxb6 38. axb6 Rb7 39. Nf3 Bf8 40. Nfxe5
Nb8 41. Rd8 Kg7 42. Rc8 Be7 43. Rc7 Rxb6 44. Nxb6 Bd6 45. Rxf7+ Kh6 46. Nbc4
Bxe5 47. Nxe5 1-0

[Event "Gibtelecom AmatWk2 6th"]
[Site "Gibraltar"]
[Date "2008.01.30"]
[Round "4.44"]
[White "Rashleigh, Jonathan"]
[Black "Kennedy, Philip J"]
[Result "1/2-1/2"]
[WhiteElo "1568"]
[BlackElo "1704"]
[PlyCount "57"]
[EventDate "2008.01.27"]
[EventType "swiss"]
[EventRounds "5"]
[EventCountry "GGB"]
[SourceTitle "BritBase"]
[Source "www.saund.co.uk"]
[SourceDate "2018.02.10"]
[SourceVersion "1"]
[SourceVersionDate "2018.02.10"]
[SourceQuality "1"]

1. d4 d5 2. Bf4 Nf6 3. e3 c5 4. c3 Nc6 5. Nd2 Bf5 6. Be2 Qb6 7. Qb3 c4 8. Qxb6
axb6 9. h3 b5 10. Ngf3 b4 11. O-O h6 12. Ne5 bxc3 13. bxc3 Nxe5 14. Bxe5 Nd7
15. Bh2 Ra3 16. Rfc1 e6 17. e4 Bh7 18. exd5 exd5 19. Bf3 Nf6 20. Re1+ Kd7 21.
Be5 Ra5 22. Bxf6 gxf6 23. Nf1 Bf5 24. Ne3 Be6 25. a4 Be7 26. Rab1 Kc7 27. Rb5
Rxb5 28. axb5 Rd8 29. Kf1 1/2-1/2

[Event "Gibtelecom AmatWk2 6th"]
[Site "Gibraltar"]
[Date "2008.01.30"]
[Round "4.45"]
[White "Randall, David C"]
[Black "Tufta, Jon Gunnar"]
[Result "1/2-1/2"]
[WhiteElo "1568"]
[BlackElo "1681"]
[PlyCount "91"]
[EventDate "2008.01.27"]
[EventType "swiss"]
[EventRounds "5"]
[EventCountry "GGB"]
[SourceTitle "BritBase"]
[Source "www.saund.co.uk"]
[SourceDate "2018.02.10"]
[SourceVersion "1"]
[SourceVersionDate "2018.02.10"]
[SourceQuality "1"]

1. e4 c5 2. Nf3 Nc6 3. d4 cxd4 4. Nxd4 e5 5. Nb5 a6 6. Nd6+ Bxd6 7. Qxd6 Qf6 8.
Qd2 Qg6 9. f3 Nge7 10. Bd3 Nd4 11. c3 Ne6 12. Qe2 Nf4 13. Bxf4 exf4 14. Na3 O-O
15. O-O d5 16. Kh1 dxe4 17. Bxe4 Nf5 18. Bxf5 Bxf5 19. Rfe1 Rad8 20. Rad1 Rxd1
21. Rxd1 Qf6 22. Qd2 g5 23. Nc2 Bxc2 24. Qxc2 Re8 25. a3 Re3 26. Kg1 h5 27. Kf1
Qe6 28. Qd2 g4 29. Qd8+ Kh7 30. Qg5 Re5 31. Qxf4 gxf3 32. gxf3 Re2 33. Qh4 Re5
34. Re1 Rxe1+ 35. Qxe1 Qh3+ 36. Kg1 Qxf3 37. Qf2 Qd1+ 38. Kg2 Qg4+ 39. Kf1 f5
40. Qd2 f4 41. Qd3+ Kh6 42. Qd6+ Kg5 43. Qe7+ Kg6 44. Qd6+ Kg5 45. Qe7+ Kg6 46.
Qd6+ 1/2-1/2

[Event "Gibtelecom AmatWk2 6th"]
[Site "Gibraltar"]
[Date "2008.01.30"]
[Round "4.46"]
[White "Goodfellow, Russell"]
[Black "Wright, Jonathan"]
[Result "1-0"]
[WhiteElo "1648"]
[BlackElo "1776"]
[PlyCount "47"]
[EventDate "2008.01.27"]
[EventType "swiss"]
[EventRounds "5"]
[EventCountry "GGB"]
[SourceTitle "BritBase"]
[Source "www.saund.co.uk"]
[SourceDate "2018.02.10"]
[SourceVersion "1"]
[SourceVersionDate "2018.02.10"]
[SourceQuality "1"]

1. e4 c6 2. d4 d5 3. Nc3 dxe4 4. Nxe4 Bf5 5. Ng3 Bg6 6. h4 h6 7. Nf3 Nd7 8. Bd3
Bxd3 9. Qxd3 Ngf6 10. Bd2 e6 11. O-O-O Bd6 12. Rhe1 Bxg3 13. fxg3 Nb6 14. Kb1
Qe7 15. Qb3 O-O-O 16. Ba5 Qc7 17. Ne5 Rd5 18. Qa3 Rhd8 19. c4 Rxe5 20. dxe5 Ne4
21. Qf3 Rxd1+ 22. Rxd1 Nxc4 23. Qxe4 Nxa5 24. b4 1-0

[Event "Gibtelecom AmatWk2 6th"]
[Site "Gibraltar"]
[Date "2008.01.30"]
[Round "4.47"]
[White "Izzard, Brian J"]
[Black "Livesey, R Nigel"]
[Result "0-1"]
[WhiteElo "1664"]
[BlackElo "1792"]
[PlyCount "72"]
[EventDate "2008.01.27"]
[EventType "swiss"]
[EventRounds "5"]
[EventCountry "GGB"]
[SourceTitle "BritBase"]
[Source "www.saund.co.uk"]
[SourceDate "2018.02.10"]
[SourceVersion "1"]
[SourceVersionDate "2018.02.10"]
[SourceQuality "1"]

1. d4 d5 2. c4 e6 3. Nf3 Nf6 4. e3 Be7 5. Bd3 O-O 6. O-O dxc4 7. Bxc4 c5 8. Nc3
cxd4 9. exd4 Nbd7 10. Bg5 a6 11. Re1 b5 12. Bd3 Bb7 13. Ne5 h6 14. Bh4 Nd5 15.
Bxe7 Qxe7 16. Rc1 Rac8 17. Ne4 N7f6 18. Nc5 Nf4 19. Bf1 Rfd8 20. Qd2 Nh3+ 21.
gxh3 Rxc5 22. Rxc5 Qxc5 23. dxc5 Rxd2 24. c6 Bc8 25. Bg2 Kf8 26. b4 Nd5 27. a3
Nf4 28. Bf1 f6 29. Nf3 Rc2 30. Nd4 Rc3 31. Re3 Rc1 32. f3 Nxh3+ 33. Kg2 Nf4+
34. Kf2 e5 35. Nxb5 Rc2+ 36. Kg3 Nh5+ 0-1